000 00682nam a2200181Ia 4500
008 100917s9999 xx 000 0 und d
082 _b49987
100 _aदेशिंगकर वि. श्री.
245 _aचार्तुमास्य नित्य - आचार भा. 2 रा.
260 _bदेशिंगकर वि. श्री.
_c1979
300 _a139/16
365 _b15
520 _aधर्म
630 _aचार्तुमास्य नित्य - आचार भा. 2 रा.
650 _aधर्म
730 _aचार्तुमास्य नित्य - आचार भा. 2 रा.
942 _cBOOK
999 _c655381
_d655378